000 00543nam a2200205Ia 4500
005 20250508152857.0
008 008 250505s9999 xx 000 0 eng d
037 _aTextual
040 _aFEDL
_beng
_cFEDL
041 _aeng
_2eng
084 _a332.42, SCA
_qFEDL
100 _aScammell W. M.
245 0 _aInternational monetary policy
250 _a2nd
260 _aLondon, UK
_bMacmillan and Co. Ltd.
_c1961
300 _axv,428p.
650 _aEconomics
942 _cTEXL
_h332.42, SCA
999 _c1339354
_d1339354